000 02110nam a2200301Ia 4500
001 7755
003 IT-RoPAU
008 130308s9999 xx 000 0 und d
040 _aIT-RoPAU
040 _cIT-RoPAU
041 _aITALIANO
100 _aBarilli Renato
100 _gCodice Aut. SPICS: 9544
245 _aInformale oggetto comportamento (2 Volumi)
245 _bInformale Oggetto Comportamento (2 Volumi)
250 _a1a ed.
260 _aMILANO
260 _bFeltrinelli
260 _c1979 [1° Ed.:1979 - Ed.Ling.Originale:1979]
300 _a"540 p. (prefazione: no ; testo: 540)"
500 _aRicerca Artistica Negli Anni 50 60 e 70 Saggi vari Poetica di Klee Percorso di Dubuffet Retrospettiva di tobey Classicità di Gorky Prospettiva di Giacometti sogno di Bacon Coerenza di Leoncillo Matta una Macchina Traduttrice Assemblage e Spazio Prospettivo Americani Alla Xxxii Biennale Recalcati Dietro un vetro Oyvind Fahldtrom Schede mostra di De Stael Pompilio Mandellivasco Bendini scultura di Somaini Disegni di Leoncillo Antoni Tapies Wols Renato Birolli Emilio Vedova Mattia Moreni toti Scialoja Sergio Romiti Arnaldo Pomodoro Rafael Canogar Sergio Vacchi Guido Biasi Domenico Gnoli Edoardo Arroyo Gilles Aillaud Beppe Devalle Pino Pascali Piero Gilardi Valerio Adami Herve' Telemaque Lucio del Pezzo Scuola di Pistoia Fernando De Filippi Gino Marotta Ugo Nespolo Gianfranco Pardi Emilio Tadini Luca Alinari Arte Ricca Inferno di Rauschenberg Kultermann Funk Art Arte Povera Lichtenstein Fausto Melotti 68 e Arti visive Ripetizione Differente Narrative Art Percezione Performance Andy Warhol Jim Dine Gino De Dominicis Mario Merz Michelangelo Pistoletto Vito Acconci Vincenzo Agnetti Giulio paolini Luciano Fabro Giuseppe Penone Gianni Colombo Bruno di bello Luca Patella Emilio Isgro' Ketty la Rocca Giuseppe Chiari Lamberto Pignotti Carlo Maria Mariani Filippo Avalle Sandro Martini Franco Vaccari Marina Abramovic e Ulay
650 _aSTORIA DELLE ARTI VISIVE
650 _eCodice materia Spics: 5008
942 _cBK
957 _71
999 _c76409
_d76409
999 _bSI
999 _g1